Cagliari Best Scorer By Year - Statistics

General Stats
  • This quiz has been taken 177 times
    39 since last reset
  • The average score is 8 of 24
Answer Stats
Player % Correct
Luigi Riva
93%
Leonardo Pavoletti
71%
Roberto Piccoli
64%
David Suazo
57%
João Pedro
50%
Marco Sau
50%
Mauro Esposito
46%
Alessandro Matri
43%
Marco Borriello
43%
Luís Oliveira
36%
Nicolas Viola
32%
Roberto Muzzi
32%
Robert Acquafresca
29%
Angelo Domenghini
18%
Daniel Fonseca
18%
Enzo Francescoli
18%
Franco Selvaggi
18%
Luigi Piras
18%
Mauricio Pinilla
18%
Julio Dely Valdés
14%
Patrick M'Boma
14%
Pietro Virdis
14%
Sandro Tovalieri
14%
Sergio Gori
11%
No matching quizzes found
Score Distribution
Percent of People with Each Score
Percentile by Number Answered
Your Score History
You have not taken this quiz since the last reset